ბათუმის შოთა რუსთაველის სახელმწიფო უნივერსიტეტის ბიბლიოთეკა

Математический анализ. Числовые ряды. Интегральное исчисление для функций одной переменной. Функциональные ряды, (ბიბ.ჩანაწერი № 39133)

000 -LEADER
fixed length control field 00881nam a2200217Ia 4500
001 - CONTROL NUMBER
control field 5716
003 - CONTROL NUMBER IDENTIFIER
control field GE_BSU
008 - FIXED-LENGTH DATA ELEMENTS--GENERAL INFORMATION
fixed length control field 181216s||||||||xx |||||||||||||| ||und||
040 ## - CATALOGING SOURCE
Transcribing agency GE_BSU
080 ## - UNIVERSAL DECIMAL CLASSIFICATION NUMBER
Universal Decimal Classification number 517(075.8)
100 ## - MAIN ENTRY--PERSONAL NAME
Personal name Вулих, Б.З; Коломойцева,З.Д. САфарова,Г.П.
245 ## - TITLE STATEMENT
Title Математический анализ. Числовые ряды. Интегральное исчисление для функций одной переменной. Функциональные ряды,
245 ## - TITLE STATEMENT
Remainder of title Учебник для заочников Ленинградский гос ун-т
245 ## - TITLE STATEMENT
Statement of responsibility, etc. Под ред. Б.З.Вулиха
260 ## - PUBLICATION, DISTRIBUTION, ETC.
Place of publication, distribution, etc. Ленинград
260 ## - PUBLICATION, DISTRIBUTION, ETC.
Name of publisher, distributor, etc. Ленинградского ун-та
260 ## - PUBLICATION, DISTRIBUTION, ETC.
Date of publication, distribution, etc. 1970
300 ## - PHYSICAL DESCRIPTION
Extent 211с. 22см.
653 ## - INDEX TERM--UNCONTROLLED
Uncontrolled term Математический анализ.
942 ## - ADDED ENTRY ELEMENTS (KOHA)
Koha item type წიგნი
ეგზემპლარები
Withdrawn status Lost status Damaged status Not for loan Date acquired Barcode Date last seen Price effective from Koha item type
        2018-12-17 16806 2018-12-17 2018-12-17 წიგნი